header

The history of Emily Montague (Record no. 90067)

MARC details
000 -LEADER
fixed length control field 01444nam a2200325Ia 4500
100 1# - MAIN ENTRY--AUTHOR NAME
Personal name Brooke, Frances,
245 14 - TITLE STATEMENT
Title The history of Emily Montague
260 ## - PUBLICATION, DISTRIBUTION, ETC. (IMPRINT)
Place of publication [Ottawa :
Name of publisher Carleton University Press ;
Place of publication Don Mills, Ontario :
Name of publisher Distributed by Oxford University Press Canada,
Year of publication 1985.
300 ## - PHYSICAL DESCRIPTION
Number of Pages lxxi, 459 p. :
Other physical details ill.
490 1# - SERIES STATEMENT
Series statement Centre for Editing Early Canadian Texts ;
500 ## - GENERAL NOTE
General note Reprint. Originally published: London : J. Dodsley, 1769. With editor's introd.
650 #0 - SUBJECT ADDED ENTRY--TOPICAL TERM
Topical Term English literature.
Topical Term Epistolary fiction, English.
700 1# - ADDED ENTRY--PERSONAL NAME
Personal name Edwards, Mary Jane.
856 40 - ELECTRONIC LOCATION AND ACCESS
Uniform Resource Identifier http://site.ebrary.com/lib/rucke/Doc?id=10141901

No items available.

© 2026 Rongo University
Contact us: librarian | system librarian | Rongo university